Central Library OPAC University of Rajshahi

Introduction to the theory of groups of finite order / (Record no. 7137)

MARC details
000 -LEADER
fixed length control field 00677nam a2200241 a 4500
001 - CONTROL NUMBER
control field 7137
003 - CONTROL NUMBER IDENTIFIER
rucl marc code BD-RjUL
005 - DATE AND TIME OF LATEST TRANSACTION
control field 20211208234353.0
008 - FIXED-LENGTH DATA ELEMENTS--GENERAL INFORMATION
fixed length control field 14 t1937 us a 001 0 eng d
035 ## - SYSTEM CONTROL NUMBER
System control number (BD-RjUL)7179
040 ## - CATALOGING SOURCE
Original cataloging agency BD-RjUL
Language of cataloging eng
Transcribing agency BD-RjUL
041 ## - LANGUAGE CODE
Language code of text/sound track or separate title eng
082 04 - DEWEY DECIMAL CLASSIFICATION NUMBER
Edition number 16
Classification number 512.2
Author mark and year CAI 1937
100 1# - MAIN ENTRY--PERSONAL NAME
Personal name Carmichael, Robert Daniel,
Dates associated with a name 1879-
9 (RLIN) 22331
245 00 - TITLE STATEMENT
Title Introduction to the theory of groups of finite order /
Statement of responsibility, etc. by Robert D. Carmichael
260 ## - PUBLICATION, DISTRIBUTION, ETC. (IMPRINT)
Place of publication, distribution, etc. New York :
Name of publisher, distributor, etc. Dover,
Date of publication, distribution, etc. c1937
300 ## - PHYSICAL DESCRIPTION
Pagination xiv, 447 p. ;
Size 21 cm.
504 ## - BIBLIOGRAPHY, ETC. NOTE
Bibliography, etc Includes index.
650 #0 - SUBJECT ADDED ENTRY--TOPICAL TERM
Topical term or geographic name as entry element Group theory
9 (RLIN) 20343
942 ## - ADDED ENTRY ELEMENTS (KOHA)
Source of classification or shelving scheme Dewey Decimal Classification
Koha item type Books
Holdings
Lost status Source of classification or shelving scheme Damaged status Not for loan Collection code Permanent Location Current Location Date acquired Source of acquisition Cost, normal purchase price Total Checkouts Full call number Date last seen Copy number Koha item type Shelving location
  Dewey Decimal Classification   Not For Loan Non-fiction Central Library, University of Rajshahi Central Library, University of Rajshahi 08/12/1967 Dac. Abdullah al mahmood 10.00   512.2 CAI 1937 13/01/2014 C-1 Books  
  Dewey Decimal Classification     Non-fiction Central Library, University of Rajshahi Central Library, University of Rajshahi 08/12/1967 Dac. Abdullah al mahmood 10.00   512.2 CAI 1937 29/08/2016 C-2 Books  
  Dewey Decimal Classification     Non-fiction Central Library, University of Rajshahi Central Library, University of Rajshahi 24/08/1966 Book view 50.00   512.2 CAI 1937 03/11/2016 C-3 Books